| 000 | 00671nam a22002177a 4500 | ||
|---|---|---|---|
| 003 | UA-OsUOA | ||
| 001 | 100966 | ||
| 007 | ta | ||
| 008 | 20130603b un ||||| |||| 00| 0 ukr d | ||
| 090 |
_a821.161.2 _bП44 |
||
| 942 | _cBK | ||
| 040 |
_aUA-OsUOA _bukr _cUA-OsUOA _dUA-OsUOA |
||
| 245 |
_aПодарунки долі _bзбірка поезій _cгол. ред. І. Пасічник; відп. за вип. Ю. Харчук, М. Ряба |
||
| 300 | _a150 с. | ||
| 955 | _a3 | ||
| 041 | _aukr | ||
| 080 | _a821.161.2 | ||
| 260 |
_aОстрог _bНаУОА _c2013 |
||
| 650 | 7 |
_a82 Література. Літературознавство _2UDC |
|
| 999 |
_c386909 _d386909 |
||